LDR 00686nam a2200193 i 4500 001 000000104055 003 CaOOAMICUS 005 20260409125339.0 008 011026s1979 it u000 u mul u 020 $a88-203-0224-1 040 $aSeMil$bita 245 10$aParte spagnola-italiana. 300 $aXII, 1522 p. 773 0 $aCarbonell, Sebastián$tDizionario fraseologico completo.$dMilano : Hoepli, 1979.$w()3442 850 $aSeMil 852 $aSeMil$W1$xVenegono$y1$mSL1.A IV 16/2$j269964$B60500$CSeMilBibl$Z2$F44963 $8I 996 $6020$a88-203-0224-1$9(OLS)http://semarc/number/83993 996 $6245$aParte spagnola-italiana$9(OLS)http://semarc/title/150965